VI Foro ISTAS sobre Riesgo Qum̕ico

Con ms̀ de 500 participantes, 24 ponentes en las sesiones plenarias y 60 en las sesiones simultǹeas, el "VI Foro ISTAS" ha puesto sobre la mesa una notable cantidad de conocimientos cientf̕icos, reflexiones profesionales y sindicales y experiencias de prevencin̤ que muestran la necesidad...

Whakaahuatanga katoa

I tiakina i:
Ngā taipitopito rārangi puna kōrero
Ētahi atu kaituhi: Internet Archive
Hōputu: Pukapuka
Reo:Pāniora
Ngā marau:
Urunga tuihono:VI Foro ISTAS sobre Riesgo Qum̕ico
Tags: Tāpirihia he Tūtohu
No Tags, Be the first to tag this record!

MARC

LEADER 00000nam a22000004a 4500
001 vpro3513
005 20201223000000.0
008 121029s2012 ck # g## #001 0#spa#d
020
022
040 |a CO-BoINGC 
041 0 |a spa 
245 1 0 |a VI Foro ISTAS sobre Riesgo Qum̕ico  
246 |a ISTAS Sixth Forum on Chemical Risk  
264 |a Bogot ̀(Colombia) :  |b Revista VirtualPRO,  |c 2012 
520 3 |a Con ms̀ de 500 participantes, 24 ponentes en las sesiones plenarias y 60 en las sesiones simultǹeas, el "VI Foro ISTAS" ha puesto sobre la mesa una notable cantidad de conocimientos cientf̕icos, reflexiones profesionales y sindicales y experiencias de prevencin̤ que muestran la necesidad de plantear una nueva estrategia integral para afrontar el riesgo qum̕ico.En este video se encuentran seleccionadas algunas de las ponencias de este evento. 
650 \ \ |a Situaciones de peligro 
650 \ \ |a Materiales peligrosos 
650 \ \ |a Sustancias peligrosas 
650 \ \ |a Evaluacin̤ de riesgos contra la salud 
650 \ \ |a Administracin̤ de riesgos 
650 \ \ |a Dangerous situations 
650 \ \ |a Hazardous materials 
650 \ \ |a Hazardous substances 
650 \ \ |a Health risk assessment 
650 \ \ |a Risk management 
650 \ \ |a sustancias peligrosas 
650 \ \ |a materiales peligrosos 
650 \ \ |a productos qum̕icos 
650 \ \ |a riesgos qum̕icos 
650 \ \ |a hazardous substances 
650 \ \ |a hazardous materials 
650 \ \ |a chemical products 
650 \ \ |a chemical risks  
700 \ \ |a Internet Archive 
856 |z VI Foro ISTAS sobre Riesgo Qum̕ico   |u https://virtualpro.unach.elogim.com/biblioteca/vi-foro-istas-sobre-riesgo-quimico-